Environmental economics: A textbook. (Record no. 525)
[ view plain ]
| 000 -LEADER | |
|---|---|
| fixed length control field | 00547nam a2200181Ia 4500 |
| 008 - FIXED-LENGTH DATA ELEMENTS--GENERAL INFORMATION | |
| fixed length control field | 240428s9999||||xx |||||||||||||| ||und|| |
| 020 ## - INTERNATIONAL STANDARD BOOK NUMBER | |
| International Standard Book Number | 9788120721463 |
| 041 ## - LANGUAGE CODE | |
| Language code of text/sound track or separate title | eng |
| 082 ## - DEWEY DECIMAL CLASSIFICATION NUMBER | |
| Classification number | 333.7K |
| 100 ## - MAIN ENTRY--PERSONAL NAME | |
| Personal name | Karpagam, M. |
| 245 #0 - TITLE STATEMENT | |
| Title | Environmental economics: A textbook. |
| 250 ## - EDITION STATEMENT | |
| Edition statement | 1st |
| 260 ## - PUBLICATION, DISTRIBUTION, ETC. | |
| Name of publisher, distributor, etc. | Sterling Publishers Private Ltd. |
| Place of publication, distribution, etc. | New Delhi |
| Date of publication, distribution, etc. | 1999 |
| 300 ## - PHYSICAL DESCRIPTION | |
| Extent | xii,363p,photos,tabs, illus. |
| 650 ## - SUBJECT ADDED ENTRY--TOPICAL TERM | |
| Topical term or geographic name entry element | Environmental policy. - Environmental protection -- Economic aspects - Pollution -- Economic aspects. |
| 942 ## - ADDED ENTRY ELEMENTS (KOHA) | |
| Koha item type | Books |
| Withdrawn status | Lost status | Damaged status | Not for loan | Home library | Current library | Shelving location | Date acquired | Total checkouts | Full call number | Date last seen | Copy number | Price effective from | Koha item type |
|---|---|---|---|---|---|---|---|---|---|---|---|---|---|
| Main Library | Main Library | Open Shelves | 26/01/2022 | 333.7K 22301 C1 | 29/04/2024 | 1 | 29/04/2024 | Books |